000 00412nam a22001217a 4500
082 _a200 THE
100 _aKhulood Nakhat
_973249
245 _aTH-SOF-1817-A Framework for Healthcare Management System Using Predictive Analysis of Diseases
260 _aISLAMABAD
_bNUST COLLEGE OF EME
_c2020
650 _aMS-COMPUTER ENGINEERING-18
_973233
700 _aSupervisor Brig. Dr. Shoab Ahmed Khan
942 _cCF
_2ddc
999 _c579056
_d579056